000 01212cam a22002295a 4500
001 L142631
002 16933
008 070525s2007 xxk f 000 0 eng d
035 _a(Sirsi) u142631
041 0 _aeng
050 0 4 _a346.4104342 $2 18
110 2 _aRoyal Institution of Chartered Surveyors
_bResidential Property Faculty
_94304
245 0 0 _aRICS agreement for the creation of an Assured Shorthold Tenancy (England and Wales only)
_bonly to be used if the deposit holder is a member of Tenancy Deposit Solutions Ltd (TDSL)
260 _aLondon
_bRICS Books
_c2007
300 _a3
_fparts
_c30cm.
350 _a9.50
520 _aProvides a model Assured Shorthold Tenancy which will enable RICS members to meet the requirements of modern relationships between landlords and tenants. The agreement is divided into three parts: the Tenancy Deposit Protection Prescribed Information; the Tenancy Agreement, containing basic terms, individually negotiated terms and standard terms; and notes on using the agreement.
590 _aKA
651 4 _aEngland and Wales
_y1543-
690 _aPROPERTY-RESIDENTIAL PROPERTY-RESIDENTIAL LANDLORD AND TENANT-RESIDENTIAL TENANCIES-ASSURED TENANCIES
942 _n0
999 _c107928
_d107928